| 000 | 00000nam 2200000za 4500 |
| 001 | 9.846882 |
| 003 | CaOODSP |
| 005 | 20221107153318 |
| 007 | cr ||||||||||| |
| 008 | 171109s1988 onc |o f|0| 0 eng d |
| 040 | |aCaOODSP|beng |
| 043 | |an-cn--- |
| 086 | 1 |aCS11-0019/17E-PDF |
| 100 | 1 |aMyles, John,|d1943- |
| 245 | 10|aWages and jobs in the 1980s |bchanging youth wages and the declining middle / |h[electronic resource] : |cby J. Myles, G. Picot, T. Wannell. |
| 260 | |a[Ottawa] : |bStatistics Canada, |c1988. |
| 300 | |a147 p. |
| 490 | 0 |aResearch paper series ; |vno. 17 |
| 500 | |aIssued also in French under title: Les salaires et les emplois au cour des années 1980 : évolution des salaires des jeunes et déclin de la classe moyenne. |
| 500 | |aDigitized edition from print [produced by Statistics Canada]. |
| 504 | |aIncludes bibliographic references. |
| 520 | |a"Drawing on two unique Statistics Canada surveys, the 1981 Work History Survey and the 1986 Labour Market Activity Survey, this study reports on changes in the distribution of jobs by hourly wage rate between 1981 and 1986. The results show some increased concentration of jobs in two segments of the wage distribution - the bottom and the upper middle. Changes in the structure of employment (the growth in jobs in service industries and a changing occupational mix) account for some of these changing wage patterns. However, even though the restructuring of jobs among industries and occupations was substantial over the period, most of the change in the wage distribution is left unexplained after accounting for this phenomenon. The overall change is more related to changes in the wage distribution within industries and occupations."--Abstract. |
| 692 | 07|2gccst|aSalairies |
| 692 | 07|2gccst|aSocial structure |
| 700 | 1 |aWannell, Ted. |
| 700 | 1 |aPicot, W. G. |
| 710 | 2 |aStatistics Canada. |bAnalytical Studies Branch. |
| 775 | 08|tLes salaires et les emplois au cour des années 1980 |w(CaOODSP)9.846884 |
| 830 | #0|aResearch paper series (Statistics Canada. Analytical Studies Branch)|vno. 17|w(CaOODSP)9.504421 |
| 856 | 40|qPDF|s16.94 MB|uhttps://publications.gc.ca/collections/collection_2017/statcan/11f0019m/CS11-0019-17-eng.pdf |